| 000 | 00939nam a2200301Ia 4500 | ||
|---|---|---|---|
| 003 | OSt | ||
| 005 | 20221006140538.0 | ||
| 006 | a|||||r|||| 00| 0 | ||
| 007 | ta | ||
| 008 | 221006b |||||||| |||| 00| 0 eng d | ||
| 020 |
_a0485114623 _cP45.00 |
||
| 024 | _a35 | ||
| 037 |
_b340, 18/11/1997, Elite Pub. Dists. _cAnnuals, Advances |
||
| 040 |
_aEASL _cEASL _beng |
||
| 041 |
_2eng _aeng |
||
| 082 | _aX8(A):8.42, N6 | ||
| 100 |
_aKATAYAMA Osamu _9642712 |
||
| 245 | 0 | _aJapanese Business into the 21st century | |
| 260 |
_aLondon _bAthlone _c1996 |
||
| 300 |
_a260p. _ccm. |
||
| 490 | _v JEL | ||
| 650 |
_a Strategic planning Japan _9642713 |
||
| 650 |
_a Succes business Japan _9642714 |
||
| 650 |
_aJEL _9642715 |
||
| 700 |
_a WALKER Richard Tr. _9642716 |
||
| 942 |
_hX8(A):8.42, N6 _cREF _2CC |
||
| 999 |
_c1068124 _d1068124 |
||